Alle eingesetzten Spieler der Bundesliga 2024/25 - Statistiken

Allgemein
  • Dieses Quiz wurde 204 mal gespielt
  • Das Durchschnittsergebnis liegt bei 172 aus 492
Antwortstatistiken
Verein Einsätze Nation Antwort % Korrekt
FC Bayern München 27 Südkorea Min-jae Kim
98%
FC Bayern München 31 England Harry Kane
97%
FC Bayern München 22 Deutschland Manuel Neuer
97%
FC Bayern München 33 Deutschland Joshua Kimmich
94%
FC Bayern München 19 Kanada Alphonso Davies
93%
FC Bayern München 29 Österreich Konrad Laimer
92%
SC Freiburg 9 Deutschland Florian Müller
91%
1. FC Heidenheim 33 Deutschland Kevin Müller
91%
VfL Wolfsburg 6 Deutschland Marius Müller
91%
FC Bayern München 30 Deutschland Thomas Müller
91%
FC Bayern München 34 Frankreich Michael Olise
89%
FC Bayern München 28 Frankreich Kingsley Coman
88%
FC Bayern München 30 Deutschland Leroy Sane
88%
FC Bayern München 20 Frankreich Dayot Upamecano
87%
FC Bayern München 27 Deutschland Serge Gnabry
87%
FC Bayern München 23 Portugal Raphael Guerreiro
86%
FC Bayern München 14 Kroatien Josip Stanisic
85%
FC Bayern München 26 Deutschland Leon Goretzka
85%
Borussia Dortmund 32 Schweiz Gregor Kobel
84%
FC Bayern München 21 Deutschland Aleksandar Pavlovic
83%
Bayer 04 Leverkusen 33 Schweiz Granit Xhaka
83%
FC Bayern München 25 Deutschland Jamal Musiala
83%
Bayer 04 Leverkusen 33 Deutschland Jonathan Tah
82%
Borussia Dortmund 30 Guinea Serhou Guirassy
82%
FC Bayern München 3 Israel Daniel Peretz
81%
FC Bayern München 21 England Eric Dier
81%
FC Augsburg 18 Deutschland Keven Schlotterbeck
80%
Borussia Dortmund 23 Deutschland Nico Schlotterbeck
80%
Borussia Dortmund 26 Österreich Marcel Sabitzer
79%
FC Bayern München 8 Frankreich Mathys Tel
78%
Bayer 04 Leverkusen 31 Tschechien Patrik Schick
78%
Bayer 04 Leverkusen 31 Deutschland Florian Wirtz
77%
FC Bayern München 6 Japan Hiroki Ito
76%
Bayer 04 Leverkusen 33 Niederlande Jeremie Frimpong
76%
Borussia Dortmund 31 Algerien Ramy Bensebaini
76%
SC Freiburg 34 Italien Vincenzo Grifo
76%
Bayer 04 Leverkusen 32 Spanien Alejandro Grimaldo
75%
Borussia Dortmund 32 England Jamie Gittens
75%
FC Bayern München 8 Deutschland Jonas Urbig
75%
Bayer 04 Leverkusen 29 Finnland Lukas Hradecky
75%
Bayer 04 Leverkusen 19 Nigeria Victor Boniface
75%
Borussia Dortmund 30 Deutschland Julian Brandt
74%
Borussia Dortmund 31 Deutschland Emre Can
73%
1. FSV Mainz 05 33 Südkorea Jae-sung Lee
73%
FC Bayern München 13 Frankreich Sacha Boey
73%
Borussia Dortmund 15 Deutschland Niklas Süle
72%
Bayer 04 Leverkusen 29 Burkina Faso Edmond Tapsoba
71%
Borussia Dortmund 16 USA Giovanni Reyna
71%
Borussia Dortmund 29 Norwegen Julian Ryerson
69%
Bayer 04 Leverkusen 32 Ecuador Piero Hincapie
69%
VfB Stuttgart 34 Deutschland Alexander Nübel
68%
Eintracht Frankfurt 17 Ägypten Omar Marmoush
68%
FC Bayern München 1 Deutschland Sven Ulreich
68%
RB Leipzig 25 Ungarn Willi Orban
68%
Borussia Dortmund 12 Schweden Daniel Svensson
67%
TSG 1899 Hoffenheim 13 Nigeria Gift Orban
67%
RB Leipzig 33 Belgien Lois Openda
67%
Bayer 04 Leverkusen 23 Deutschland Robert Andrich
67%
RB Leipzig 33 Slowenien Benjamin Sesko
66%
Borussia Dortmund 25 Deutschland Karim Adeyemi
66%
SC Freiburg 34 Japan Ritsu Doan
66%
Bayer 04 Leverkusen 24 Argentinien Exequiel Palacios
65%
Eintracht Frankfurt 33 Frankreich Hugo Ekitike
65%
1. FSV Mainz 05 18 Deutschland Stefan Bell
65%
VfB Stuttgart 27 Deutschland Deniz Undav
64%
Eintracht Frankfurt 26 Deutschland Kevin Trapp
64%
SC Freiburg 29 Deutschland Christian Günter
63%
Eintracht Frankfurt 24 Deutschland Mario Götze
63%
Borussia Dortmund 26 Deutschland Waldemar Anton
62%
Bayer 04 Leverkusen 28 Spanien Aleix Garcia
61%
Borussia Dortmund 14 Niederlande Donyell Malen
61%
SC Freiburg 32 Deutschland Matthias Ginter
61%
SV Werder Bremen 34 Deutschland Michael Zetterer
61%
FC Bayern München 1 Deutschland Arijon Ibrahimovic
60%
SC Freiburg 26 Deutschland Noah Atubolu
60%
SV Werder Bremen 32 Österreich Romano Schmid
60%
Borussia Dortmund 11 Türkei Salih Özcan
60%
VfL Wolfsburg 11 Türkei Salih Özcan
60%
Bayer 04 Leverkusen 11 Deutschland Jonas Hofmann
59%
VfL Bochum 32 Deutschland Philipp Hofmann
59%
Borussia M'gladbach 31 Deutschland Tim Kleindienst
59%
TSG 1899 Hoffenheim 32 Kroatien Andrej Kramaric
58%
FC Bayern München 17 Portugal Joao Palhinha
58%
1. FSV Mainz 05 29 Deutschland Jonathan Burkardt
58%
RB Leipzig 30 Ungarn Peter Gulacsi
58%
RB Leipzig 25 Niederlande Xavi Simons
58%
VfB Stuttgart 32 Deutschland Angelo Stiller
57%
VfB Stuttgart 34 Bosnien-Herzegowina Ermedin Demirovic
57%
Eintracht Frankfurt 30 Deutschland Robin Koch
57%
1. FSV Mainz 05 32 Deutschland Robin Zentner
57%
SV Werder Bremen 26 Österreich Marco Friedl
56%
VfB Stuttgart 33 Deutschland Chris Führich
55%
Borussia Dortmund 26 Deutschland Felix Nmecha
55%
VfL Wolfsburg 19 Deutschland Lukas Nmecha
55%
Borussia Dortmund 29 Deutschland Maximilian Beier
55%
Bayer 04 Leverkusen 27 Nigeria Nathan Tella
55%
Borussia Dortmund 30 Deutschland Pascal Groß
55%
Borussia Dortmund 21 Brasilien Yan Couto
55%
Borussia Dortmund 2 Deutschland Alexander Meyer
54%
Eintracht Frankfurt 33 Schweden Hugo Larsson
54%
RB Leipzig 26 Slowenien Kevin Kampl
54%
SV Werder Bremen 32 Deutschland Marvin Ducksch
54%
VfL Wolfsburg 28 Deutschland Maximilian Arnold
54%
SC Freiburg 32 Österreich Philipp Lienhart
54%
VfB Stuttgart 32 Türkei Atakan Karazor
53%
Eintracht Frankfurt 30 Tunesien Ellyes Skhiri
53%
1. FSV Mainz 05 30 Deutschland Nadiem Amiri
53%
FC Bayern München 2 Marokko Adam Aznou
52%
Bayer 04 Leverkusen 20 Marokko Amine Adli
52%
RB Leipzig 22 Deutschland David Raum
52%
VfL Wolfsburg 31 Dänemark Jonas Wind
52%
SC Freiburg 31 Deutschland Lucas Höler
52%
SC Freiburg 20 Österreich Michael Gregoritsch
52%
VfB Stuttgart 28 Deutschland Nick Woltemade
52%
TSG 1899 Hoffenheim 28 Deutschland Oliver Baumann
52%
Bayer 04 Leverkusen 5 Tschechien Matej Kovar
51%
VfB Stuttgart 31 Deutschland Maximilian Mittelstädt
51%
1. FC Heidenheim 29 Deutschland Paul Wanner
51%
RB Leipzig 4 Österreich Xaver Schlager
49%
1. FC Heidenheim 32 Deutschland Adrian Beck
48%
RB Leipzig 28 Mali Amadou Haidara
48%
Borussia M'gladbach 12 Schweiz Jonas Omlin
48%
SV Werder Bremen 32 Deutschland Mitchell Weiser
48%
SC Freiburg 20 Deutschland Nicolas Höfler
48%
Eintracht Frankfurt 20 Türkei Can Uzun
47%
Eintracht Frankfurt 9 Brasilien Kaua Santos
47%
Borussia M'gladbach 30 Frankreich Alassane Plea
46%
RB Leipzig 8 Portugal Andre Silva
46%
SV Werder Bremen 7 Portugal Andre Silva
46%
RB Leipzig 31 Österreich Christoph Baumgartner
46%
SV Werder Bremen 28 Dänemark Jens Stage
46%
VfL Wolfsburg 29 Polen Kamil Grabara
46%
VfL Wolfsburg 31 Algerien Mohamed Amoura
46%
RB Leipzig 22 Dänemark Yussuf Poulsen
46%
FC Augsburg 19 Deutschland Finn Dahmen
45%
FC Bayern München 4 Kroatien Gabriel Vidovic
45%
1. FSV Mainz 05 1 Kroatien Gabriel Vidovic
45%
Borussia M'gladbach 32 USA Joe Scally
45%
1. FSV Mainz 05 34 Japan Kaishu Sano
45%
RB Leipzig 28 Deutschland Lukas Klostermann
45%
SV Werder Bremen 25 Schottland Oliver Burke
45%
Eintracht Frankfurt 30 Brasilien Tuta
45%
VfB Stuttgart 29 Frankreich Enzo Millot
44%
Borussia Dortmund 12 Belgien Julien Duranville
44%
Eintracht Frankfurt 26 Deutschland Nathaniel Brown
44%
Bayer 04 Leverkusen 20 Brasilien Arthur
43%
Eintracht Frankfurt 31 Belgien Arthur Theate
43%
1. FSV Mainz 05 28 Deutschland Dominik Kohr
43%
1. FSV Mainz 05 31 Deutschland Paul Nebel
43%
Holstein Kiel 32 Japan Shuto Machino
43%
1. FC Union Berlin 30 Portugal Diogo Leite
42%
SV Werder Bremen 22 Nigeria Felix Agu
42%
FC St. Pauli 29 Australien Jackson Irvine
42%
VfB Stuttgart 26 Deutschland Josha Vagnoman
42%
RB Leipzig 30 Österreich Nicolas Seiwald
42%
SV Werder Bremen 26 Deutschland Niklas Stark
42%
1. FSV Mainz 05 32 Österreich Phillipp Mwene
42%
Eintracht Frankfurt 30 Dänemark Rasmus Kristensen
42%
Borussia M'gladbach 27 Deutschland Rocco Reitz
42%
Eintracht Frankfurt 30 Deutschland Ansgar Knauff
41%
TSG 1899 Hoffenheim 13 Deutschland Finn Becker
41%
1. FC Union Berlin 28 Dänemark Frederik Rönnow
41%
Borussia M'gladbach 19 Deutschland Moritz Nicolas
41%
TSG 1899 Hoffenheim 1 Deutschland Paul Hennrich
41%
Holstein Kiel 30 Deutschland Timo Becker
41%
1. FSV Mainz 05 33 Frankreich Anthony Caci
40%
SV Werder Bremen 32 Belgien Senne Lynen
40%
RB Leipzig 25 Norwegen Antonio Nusa
39%
1. FC Union Berlin 34 Suriname Danilho Doekhi
39%
Borussia M'gladbach 18 Deutschland Florian Neuhaus
39%
VfB Stuttgart 27 Deutschland Jamie Leweling
39%
SV Werder Bremen 19 Deutschland Keke Topp
39%
Borussia M'gladbach 31 Österreich Kevin Stöger
39%
Borussia M'gladbach 25 Schweiz Nico Elvedi
39%
1. FC Union Berlin 26 Österreich Christopher Trimmel
38%
1. FSV Mainz 05 25 Deutschland Danny da Costa
38%
RB Leipzig 2 Nordmazedonien Eljif Elmas
38%
Eintracht Frankfurt 26 Algerien Fares chaibi
38%
VfB Stuttgart 31 Deutschland Jeff Chabot
38%
FC St. Pauli 27 Deutschland Johannes Eggestein
38%
Borussia M'gladbach 31 Japan Ko Itakura
38%
Eintracht Frankfurt 9 Syrien Mahmoud Dahoud
38%
SC Freiburg 33 Deutschland Maximilian Eggestein
38%
VfL Wolfsburg 29 Österreich Patrick Wimmer
38%
FC Augsburg 28 Deutschland Arne Maier
37%
RB Leipzig 23 Frankreich Castello Lukeba
37%
SC Freiburg 25 Österreich Junior Adamu
37%
Borussia M'gladbach 26 Deutschland Lukas Ullrich
37%
1. FSV Mainz 05 23 Deutschland Nelson Weiper
37%
FC St. Pauli 33 Bosnien-Herzegowina Nikola Vasilj
37%
Eintracht Frankfurt 24 Deutschland Nnamdi Collins
37%
Borussia M'gladbach 21 Österreich Stefan Lainer
37%
TSG 1899 Hoffenheim 31 Deutschland Tom Bischof
37%
1. FC Union Berlin 34 Deutschland Benedict Hollerbach
36%
SC Freiburg 12 Deutschland Jan-Niklas Beste
36%
FC Bayern München 1 Schweden Jonah Kusi-Asare
36%
Borussia M'gladbach 24 Deutschland Luca Netz
36%
1. FC Union Berlin 32 Deutschland Rani Khedira
36%
FC Augsburg 28 Frankreich Alexis Claude-Maurice
35%
1. FSV Mainz 05 22 Norwegen Andreas Hanche-Olsen
35%
Borussia Dortmund 10 England Carney Chukwuemeka
35%
SC Freiburg 23 Türkei Eren Dinkci
35%
VfL Wolfsburg 30 Griechenland Konstantinos Koulierakis
35%
Borussia M'gladbach 33 Deutschland Robin Hack
35%
VfL Bochum 13 Deutschland Timo Horn
35%
Borussia M'gladbach 28 Tschechien Tomas Cvancara
35%
SV Werder Bremen 23 Deutschland Amos Pieper
34%
SV Werder Bremen 27 Deutschland Leonardo Bittencourt
34%
RB Leipzig 19 Deutschland Ridle Baku
34%
VfL Wolfsburg 15 Deutschland Ridle Baku
34%
SC Freiburg 2 Ungarn Roland Sallai
34%
TSG 1899 Hoffenheim 27 Tschechien Adam Hlozek
33%
Bayer 04 Leverkusen 15 Frankreich Martin Terrier
33%
1. FSV Mainz 05 27 Schweiz Silvan Widmer
33%
Eintracht Frankfurt 3 USA Timothy Chandler
33%
1. FC Union Berlin 26 Deutschland Tom Rothe
33%
1. FC Union Berlin 26 Ungarn Andras Schäfer
32%
RB Leipzig 15 Deutschland Benjamin Henrichs
32%
FC Augsburg 30 Frankreich Chrislain Matsima
32%
VfB Stuttgart 12 Mali El Bilal Toure
32%
VfB Stuttgart 1 Deutschland Frans Krätzig
32%
1. FC Heidenheim 16 Deutschland Frans Krätzig
32%
VfL Bochum 23 Philippinen Gerrit Holtmann
32%
FC St. Pauli 33 Deutschland Hauke Wahl
32%
Borussia M'gladbach 33 Deutschland Julian Weigl
32%
SV Werder Bremen 30 Österreich Marco Grüll
32%
1. FC Heidenheim 23 Deutschland Marnon Busch
32%
1. FC Heidenheim 34 Deutschland Patrick Mainka
32%
FC St. Pauli 32 Schweden Eric Smith
31%
VfB Stuttgart 12 Deutschland Finn Jeltsch
31%
SC Freiburg 21 Frankreich Kiliann Sildillia
31%
SC Freiburg 28 Deutschland Lukas Kübler
31%
TSG 1899 Hoffenheim 24 Tschechien Pavel Kaderabek
31%
SV Werder Bremen 28 Deutschland Anthony Jung
29%
TSG 1899 Hoffenheim 13 Elfenbeinküste Bazoumana Toure
29%
VfL Wolfsburg 29 Slowakei Denis Vavro
29%
FC Augsburg 31 Griechenland Dimitrios Giannoulis
29%
FC St. Pauli 18 Tunesien Elias Saad
29%
Holstein Kiel 23 Deutschland Fiete Arp
29%
Borussia M'gladbach 19 Frankreich Franck Honorat
29%
FC Augsburg 33 Niederlande Jeffrey Gouweleeuw
29%
SC Freiburg 19 Frankreich Jordy Makengo
29%
SV Werder Bremen 26 Deutschland Justin Njinmah
29%
1. FC Union Berlin 27 Österreich Leopold Querfeld
29%
1. FC Heidenheim 30 Deutschland Omar Traore
29%
SC Freiburg 30 Deutschland Patrick Osterhage
29%
FC Augsburg 30 DR Kongo Samuel Essende
29%
VfL Bochum 21 Frankreich Anthony Losilla
28%
VfB Stuttgart 21 Schweiz Fabian Rieder
28%
TSG 1899 Hoffenheim 1 Togo Ihlas Bebou
28%
VfL Wolfsburg 22 Polen Jakub Kaminski
28%
FC Augsburg 32 Deutschland Marius Wolf
28%
SV Werder Bremen 14 Serbien Milos Veljkovic
28%
Bayer 04 Leverkusen 15 Frankreich Nordi Mukiele
28%
Borussia M'gladbach 2 Armenien Grant-Leon Ranos
27%
VfL Bochum 32 Mali Ibrahima Sissoko
27%
1. FC Union Berlin 28 Deutschland Janik Haberer
27%
Eintracht Frankfurt 24 Frankreich Jean-Matteo Bahoya
27%
SV Werder Bremen 10 Argentinien Julian Malatini
27%
1. FSV Mainz 05 6 Österreich Karim Onisiwo
27%
1. FSV Mainz 05 5 USA Lennard Maloney
27%
1. FC Heidenheim 11 USA Lennard Maloney
27%
RB Leipzig 6 Belgien Maarten Vandevoordt
27%
Borussia M'gladbach 22 Deutschland Marvin Friedrich
27%
1. FC Heidenheim 31 Deutschland Marvin Pieringer
27%
1. FC Union Berlin 23 Südkorea Woo-yeong Jeong
27%
VfL Wolfsburg 29 Deutschland Yannick Gerhardt
27%
Borussia Dortmund 5 Deutschland Almugera Kabar
26%
Eintracht Frankfurt 8 Frankreich Elye Wahi
26%
Bayer 04 Leverkusen 11 Argentinien Emiliano Buendia
26%
Borussia M'gladbach 16 Italien Fabio Chiarodia
26%
SC Freiburg 9 Kosovo Florent Muslija
26%
Bayer 04 Leverkusen 5 Frankreich Jeanuel Belocian
26%
SC Freiburg 11 Schweiz Johan Manzambi
26%
VfL Wolfsburg 32 Deutschland Kilian Fischer
26%
SC Freiburg 25 Deutschland Max Rosenfelder
26%
FC Augsburg 15 Kroatien Nediljko Labrovic
26%
VfB Stuttgart 10 Deutschland Pascal Stenzel
26%
VfB Stuttgart 25 Niederlande Ramon Hendriks
26%
RB Leipzig 28 Belgien Arthur Vermeeren
25%
FC St. Pauli 2 Deutschland Ben Voll
25%
VfB Stuttgart 2 Frankreich Dan-Axel Zagadou
25%
VfL Wolfsburg 28 Dänemark Joakim Maehle
25%
1. FC Union Berlin 17 Kroatien Josip Juranovic
25%
1. FC Heidenheim 25 Brasilien Leo Scienza
25%
1. FSV Mainz 05 19 Deutschland Moritz Jenz
25%
Borussia M'gladbach 19 Kamerun Nathan Ngoumou
25%
FC Augsburg 1 Deutschland Niklas Dorsch
25%
1. FC Heidenheim 22 Deutschland Niklas Dorsch
25%
Eintracht Frankfurt 20 Dänemark Oscar Hojlund
25%
VfL Bochum 21 Deutschland Patrick Drewes
25%
FC Augsburg 34 Deutschland Phillip Tietz
25%
VfL Wolfsburg 32 Portugal Tiago Tomas
25%
1. FC Union Berlin 16 Serbien Andrej Ilic
24%
TSG 1899 Hoffenheim 30 Deutschland Anton Stach
24%
VfL Wolfsburg 21 Ungarn Bence Dardai
24%
Borussia Dortmund 4 USA Cole Campbell
24%
VfB Stuttgart 15 Dänemark Jacob Bruun Larsen
24%
TSG 1899 Hoffenheim 12 Dänemark Jacob Bruun Larsen
24%
1. FC Union Berlin 7 Guadeloupe Jerome Roussillon
24%
TSG 1899 Hoffenheim 32 Nigeria Kevin Akpoguma
24%
1. FC Union Berlin 18 Deutschland Kevin Vogt
24%
FC Augsburg 31 Kroatien Kristijan Jakic
24%
1. FSV Mainz 05 2 Deutschland Lasse Rieß
24%
Holstein Kiel 25 Deutschland Lewis Holtby
24%
VfB Stuttgart 1 Dänemark Nikolas Nartey
24%
SV Werder Bremen 9 Belgien Olivier Deman
24%
Holstein Kiel 25 Deutschland Timon Weiner
24%
VfL Bochum 28 Niederlande Dani de Wit
23%
SV Werder Bremen 27 Deutschland Derrick Köhn
23%
RB Leipzig 21 Frankreich El Chadaille Bitshiabu
23%
1. FC Union Berlin 4 Deutschland Kevin Volland
23%
VfL Wolfsburg 9 Kroatien Lovro Majer
23%
TSG 1899 Hoffenheim 6 Deutschland Luca Philipp
23%
Bayer 04 Leverkusen 4 Spanien Mario Hermoso
23%
SC Freiburg 2 Deutschland Maximilian Philipp
23%
SC Freiburg 19 Deutschland Merlin Röhl
23%
Eintracht Frankfurt 10 Belgien Michy Batshuayi
23%
SV Werder Bremen 12 Frankreich Skelly Alvero
23%
VfL Wolfsburg 12 Dänemark Andreas Skov Olsen
22%
TSG 1899 Hoffenheim 20 Deutschland Dennis Geiger
22%
FC Augsburg 27 Kosovo Elvis Rexhbecaj
22%
TSG 1899 Hoffenheim 8 Österreich Florian Grillitsch
22%
1. FSV Mainz 05 23 Südkorea Hyun-seok Hong
22%
Eintracht Frankfurt 16 Kroatien Igor Matanovic
22%
1. FSV Mainz 05 15 Österreich Nikolas Veratschnig
22%
FC Augsburg 7 Polen Robert Gumny
22%
VfB Stuttgart 11 Deutschland Yannik Keitel
22%
VfL Bochum 12 Costa Rica Cristian Gamboa
21%
FC St. Pauli 26 Luxemburg Daniel Sinani
21%
FC Augsburg 20 Finnland Fredrik Jensen
21%
VfL Bochum 22 Ukraine Ivan Ordets
21%
1. FC Union Berlin 23 Slowakei Laszlo Benes
21%
VfL Wolfsburg 20 Schweden Mattias Svanberg
21%
VfL Bochum 30 Slowakei Matus Bero
21%
FC Augsburg 20 Deutschland Mert Kömür
21%
FC St. Pauli 33 Deutschland Philipp Treu
21%
VfL Wolfsburg 15 Belgien Sebastiaan Bornauw
21%
TSG 1899 Hoffenheim 22 Frankreich Stanley Nsoki
21%
Holstein Kiel 19 Schweden Alexander Bernhardsson
20%
1. FC Union Berlin 6 Deutschland Alexander Schwolow
20%
1. FSV Mainz 05 27 Deutschland Armindo Sieb
20%
1. FC Heidenheim 15 Georgien Budu Zivzivadze
20%
TSG 1899 Hoffenheim 1 Deutschland Hennes Behrens
20%
VfL Wolfsburg 18 Deutschland Kevin Behrens
20%
VfL Wolfsburg 2 USA Kevin Paredes
20%
VfB Stuttgart 12 Schweiz Leonidas Stergiou
20%
RB Leipzig 24 Niederlande Lutsharel Geertruida
20%
TSG 1899 Hoffenheim 25 Deutschland Marius Bülter
20%
Holstein Kiel 12 Deutschland Marvin Schulz
20%
FC St. Pauli 25 Guinea Morgan Guilavogui
20%
FC St. Pauli 32 England Oladapo Afolayan
20%
Holstein Kiel 26 Deutschland Phil Harres
20%
Borussia M'gladbach 1 Deutschland Tobias Sippel
20%
TSG 1899 Hoffenheim 26 Brasilien Arthur Chaves
19%
1. FSV Mainz 05 4 Marokko Aymen Barkok
19%
VfL Wolfsburg 7 Schweiz Cedric Zesiger
19%
FC Augsburg 15 Schweiz Cedric Zesiger
19%
TSG 1899 Hoffenheim 8 Mali Diadie Samassekou
19%
1. FSV Mainz 05 14 Deutschland Maxim Leitsch
19%
Eintracht Frankfurt 12 Frankreich Niels Nkounkou
19%
Borussia M'gladbach 27 Deutschland Philipp Sander
19%
TSG 1899 Hoffenheim 23 Österreich Alexander Prass
18%
VfB Stuttgart 12 Japan Anrie Chase
18%
VfL Wolfsburg 14 Belgien Aster Vranckx
18%
VfL Bochum 21 Brasilien Bernardo
18%
VfL Bochum 31 Deutschland Felix Passlack
18%
TSG 1899 Hoffenheim 22 Bosnien-Herzegowina Haris Tabakovic
18%
1. FC Heidenheim 27 Deutschland Jonas Föhrenbach
18%
Borussia Dortmund 2 Deutschland Kjell Wätjen
18%
FC St. Pauli 30 Griechenland Manolis Saliakas
18%
VfL Bochum 33 Deutschland Maximilian Wittek
18%
VfL Bochum 19 Niederlande Myron Boadu
18%
SC Freiburg 3 Deutschland Noah Weißhaupt
18%
FC St. Pauli 19 Deutschland Noah Weißhaupt
18%
1. FC Union Berlin 15 Dänemark Robert Skov
18%
FC St. Pauli 10 Australien Connor Metcalfe
17%
VfL Bochum 16 Serbien Erhan Masovic
17%
FC Augsburg 31 Nigeria Frank Onyeka
17%
TSG 1899 Hoffenheim 2 Deutschland Grischa Prömel
17%
Eintracht Frankfurt 7 Frankreich Junior Dina Ebimbe
17%
1. FC Union Berlin 15 Frankreich Lucas Tousart
17%
1. FC Heidenheim 22 Österreich Mathias Honsak
17%
FC Augsburg 8 Schweiz Ruben Vargas
17%
1. FC Heidenheim 13 Deutschland Stefan Schimmer
17%
Holstein Kiel 9 Deutschland Thomas Dähne
17%
1. FC Heidenheim 16 Deutschland Tim Siersleben
17%
Borussia Dortmund 3 Deutschland Yannik Lührs
17%
VfB Stuttgart 7 Belgien Ameen Al-Dakhil
16%
Holstein Kiel 31 Bosnien-Herzegowina Armin Gigovic
16%
1. FSV Mainz 05 6 Frankreich Arnaud Nordin
16%
Eintracht Frankfurt 8 Schweiz Aurele Amenda
16%
1. FC Heidenheim 32 Deutschland Benedikt Gimber
16%
Holstein Kiel 18 Österreich Benedikt Pichler
16%
SV Werder Bremen 9 Burkina Faso Issa Kabore
16%
VfB Stuttgart 5 Schweiz Luca Jaquez
16%
FC Augsburg 7 Dänemark Mads Pedersen
16%
Holstein Kiel 23 Serbien Marko Ivezic
16%
VfL Bochum 33 Deutschland Moritz Broschinski
16%
Borussia M'gladbach 6 Japan Shio Fukuda
16%
Borussia Dortmund 1 Marokko Ayman Azhil
15%
1. FC Heidenheim 33 Deutschland Jan Schöppner
15%
Holstein Kiel 11 USA John Tolkin
15%
VfL Bochum 15 Japan Koji Miyoshi
15%
FC Augsburg 2 Deutschland Mergim Berisha
15%
TSG 1899 Hoffenheim 11 Deutschland Mergim Berisha
15%
Holstein Kiel 32 Deutschland Nicolai Remberg
15%
FC Augsburg 8 USA Noahkai Banks
15%
FC St. Pauli 12 Schottland Scott Banks
15%
FC St. Pauli 24 Österreich David Nemeth
14%
Holstein Kiel 18 Slowenien David Zec
14%
RB Leipzig 10 Serbien Kosta Nedeljkovic
14%
RB Leipzig 1 Frankreich Mohamed Simakan
14%
VfL Bochum 29 Deutschland Tim Oermann
14%
1. FC Union Berlin 15 Deutschland Aljoscha Kemlein
13%
RB Leipzig 3 Deutschland Assan Ouedraogo
13%
Holstein Kiel 10 Schweden Carl Johansson
13%
FC St. Pauli 10 Estland Karol Mets
13%
Holstein Kiel 26 Deutschland Lasse Rosenboom
13%
FC Augsburg 11 Deutschland Maximilian Bauer
13%
FC Augsburg 16 Benin Steve Mounie
13%
VfB Stuttgart 18 Frankreich Anthony Rouault
12%
FC Augsburg 1 Belgien Arne Engels
12%
Holstein Kiel 31 Deutschland Finn Porath
12%
1. FC Heidenheim 2 Deutschland Frank Feller
12%
1. FC Union Berlin 18 USA Jordan
12%
VfB Stuttgart 6 Deutschland Justin Diehl
12%
TSG 1899 Hoffenheim 12 Deutschland Max Moerstedt
12%
1. FC Heidenheim 1 Deutschland Norman Theuerkauf
12%
FC St. Pauli 12 Deutschland Robert Wagner
12%
1. FC Union Berlin 1 Deutschland Robin Gosens
12%
TSG 1899 Hoffenheim 4 Tschechien Robin Hranac
12%
1. FC Heidenheim 29 Deutschland Sirlord Conteh
12%
Holstein Kiel 24 Deutschland Steven Skrzybski
12%
RB Leipzig 8 Frankreich Tidiam Gomis
12%
TSG 1899 Hoffenheim 12 Deutschland Umut Tohumcu
12%
SC Freiburg 2 Schweiz Bruno Ogbus
11%
VfL Bochum 14 Griechenland Georgios Masouras
11%
1. FC Heidenheim 23 Deutschland Luca Kerber
11%
Borussia M'gladbach 1 Kroatien Noah Pesch
11%
Borussia M'gladbach 5 Luxemburg Tiago Pereira Cardoso
11%
1. FC Union Berlin 33 Deutschland Tim Skarke
11%
VfL Bochum 14 Deutschland Tom Krauß
11%
RB Leipzig 1 Deutschland Viggo Gebel
11%
FC St. Pauli 7 Gambia Abdoulie Ceesay
9%
FC St. Pauli 16 Polen Adam Dzwigala
9%
TSG 1899 Hoffenheim 14 Tschechien David Jurasek
9%
VfL Bochum 23 Kroatien Jakov Medic
9%
FC St. Pauli 7 USA James Sands
9%
Holstein Kiel 31 Norwegen Magnus Knudsen
9%
FC St. Pauli 1 Brasilien Maurides
9%
Holstein Kiel 10 Deutschland Patrick Erras
9%
FC St. Pauli 1 Wales Fin Stevens
8%
1. FC Heidenheim 8 Deutschland Julian Niehues
8%
FC St. Pauli 21 Deutschland Lars Ritzka
8%
TSG 1899 Hoffenheim 11 Norwegen Leo Östigard
8%
1. FC Union Berlin 13 Kroatien Marin Ljubicic
8%
VfL Bochum 5 Deutschland Samuel Bamba
8%
VfL Bochum 5 Guinea Aliou Balde
7%
FC St. Pauli 25 Deutschland Carlo Boukhalfa
7%
VfL Wolfsburg 3 Deutschland David Odogu
7%
1. FC Union Berlin 5 Kroatien Ivan Prtajin
7%
VfL Wolfsburg 7 Dänemark Mads Roerslev
7%
Holstein Kiel 19 Deutschland Marco Komenda
7%
Holstein Kiel 19 Deutschland Max Geschwill
7%
1. FC Heidenheim 9 Dänemark Mikkel Kaufmann
7%
FC St. Pauli 13 Belgien Siebe Van der Heyden
7%
1. FC Heidenheim 6 Deutschland Thomas Keller
7%
TSG 1899 Hoffenheim 22 Frankreich Valentin Gendrey
7%
1. FC Union Berlin 17 Belgien Yorbe Vertessen
7%
FC St. Pauli 14 Dänemark Andreas Albers
6%
TSG 1899 Hoffenheim 8 Türkei Erencan Yardimci
6%
FC St. Pauli 5 Schweden Erik Ahlstrand
6%
FC Augsburg 21 Deutschland Henri Koudossou
6%
VfL Bochum 14 Deutschland Lukas Daschner
6%
VfL Bochum 14 Deutschland Mats Pannewig
6%
VfL Bochum 7 Deutschland Moritz-Broni Kwarteng
6%
TSG 1899 Hoffenheim 8 Deutschland Tim Drexler
6%
TSG 1899 Hoffenheim 2 Frankreich David Mokwa
5%
FC Augsburg 2 Deutschland Tim Breithaupt
5%
1. FC Union Berlin 5 Deutschland David Preu
4%
TSG 1899 Hoffenheim 1 Österreich Florian Micheler
4%
Holstein Kiel 1 Kroatien Ivan Nekic
4%
VfB Stuttgart 1 Deutschland Jarzinho Malanga
4%
VfL Bochum 1 Deutschland Kacper Koscierski
4%
1. FC Heidenheim 13 Deutschland Maximilian Breunig
4%
Holstein Kiel 10 Polen Tymoteusz Puchacz
4%
FC Augsburg 5 Deutschland Yusuf Kabadayi
4%
Holstein Kiel 8 Deutschland Andu Kelati
3%
1. FC Heidenheim 1 Deutschland Denis Thomalla
3%
Holstein Kiel 13 Slowakei Dominik Javorcek
3%
RB Leipzig 1 Deutschland Faik Sakar
3%
Keine übereinstimmenden Quizze gefunden
Verteilung der Resultate
Anzahl Personen mit jedem Resultat
Perzentil nach korrekt beantworteten Fragen
Ihre Resultats-Entwicklung
Sie haben dieses Quiz noch nicht gespielt